000 00272nam a2200133Ia 4500
100 _aWCTQ 94
942 _cBK
654 _aCorporate culture
245 _aChanging Corporate Culture
260 _bnone
082 _a658.562
_bTSU/WK
546 _aENGLISH
999 _c22813
_d22813